000 00706nam a2200265Ia 4500
003 OSt
005 20220912145639.0
006 a|||||r|||| 00| 0
007 ta
008 220909b |||||||| |||| 00| 0 eng d
024 _a72313
037 _b088, 19/07/2010, N R Book Distributors
037 _cTextual
040 _aCSL
_beng
_cCSL
041 _aeng
082 _aL:4:644, J3
100 _aSaklad M
245 0 _aInhalation therapy and resuscitation
260 _c1953
300 _ap.
_ccm.
490 _aAmeircan Lecture Series
650 _aRadiotherapy
942 _hL:4:644, J3
_cTEXL
_2CC
999 _c35540
_d35540